Fußballlogos Teil 1 - Statistiken

Allgemein
  • Dieses Quiz wurde 435 mal gespielt
  • Das Durchschnittsergebnis liegt bei 12 aus 16
Antwortstatistiken
Bildquiz Antwort % Korrekt
Dynamo Dresden
97%
Bayer Leverkusen
90%
Borussia Dortmund
90%
VfL Wolfsburg
88%
Borussia Mönchengladbach
85%
1. FC Kaiserslautern
83%
VfL Bochum
83%
FC Ingolstadt
77%
Preußen Münster
75%
VfB Lübeck
75%
VfB Stuttgart
75%
Bayern München
73%
Hamburger SV
67%
1. FSV Mainz 05
59%
TSV 1860 München
51%
SpVgg Greuther Fürth
39%
Keine übereinstimmenden Quizze gefunden
Verteilung der Resultate
Anzahl Personen mit jedem Resultat
Perzentil nach korrekt beantworteten Fragen
Ihre Resultats-Entwicklung
Sie haben dieses Quiz noch nicht gespielt